Presidents of South Korea by Picture - Statistics

General Stats
  • This quiz has been taken 37 times
    8 since last reset
  • The average score is 9 of 21
Answer Stats
Picture Hint Answer % Correct
1962-1979 Park Chung Hee
86%
2017-2022 Moon Jae-in
71%
2025-Present Lee Jae Myung
57%
1948-1960 Syngman Rhee
57%
2022-2025 Yoon Suk Yeol
57%
2025 Han Duck-soo
43%
1998-2003 Kim Dae-jung
43%
2008-2013 Lee Myung-bak
43%
2013-2017 Park Geun-hye
43%
2003-2008 Roh Moo-hyun
43%
1988-1993 Roh Tae-woo
43%
1960 Baek Nak-jun
29%
1979-1980 Choi Kyu-hah
29%
1980-1988 Chun Doo-hwan
29%
1960 | 1960 Ho Chong
29%
2017 Hwang Kyo-ahn
29%
1993-1998 Kim Young-sam
29%
1960 Kwak Sang-hoon
29%
2025 Lee Ju-ho
29%
1980 Park Choong-hoon
29%
1960-1962 Yun Posun
29%
No matching quizzes found
Score Distribution
Percent of People with Each Score
Percentile by Number Answered
Your Score History
You have not taken this quiz since the last reset